000 00358nam a2200145Ia 4500
005 20250729165739.0
008 250729s2014 xx 000 0 und d
041 _aeng
082 _a380.25 RADW
100 _aRadha Dua
_9232015
245 _aWomen Education
260 _aNew Delhi
_bA P H PUBLISHING
_c2014
300 _a194p
650 _aEducation
_9232016
999 _c239571
_d239571